| 000 | 00722cam a22002531 4500 | ||
|---|---|---|---|
| 001 | sa 67006323 | ||
| 003 | DLC | ||
| 005 | 20260227112406.0 | ||
| 008 | 900125s1967 ii b 000 0 hino | ||
| 010 | _asa 67006323 | ||
| 035 | _a(OCoLC)20956556 | ||
| 040 |
_aDLC _cWaU _dDLC |
||
| 042 | _apremarc | ||
| 043 | _aa-ii--- | ||
| 050 | 0 | 0 |
_aDS427 _b.B47 |
| 100 | 1 | _aBhāradvāja, Dineśacandra. | |
| 245 | 1 | 0 |
_aMadhyakālīna Bhāratīya sabhyată evaṃ saṃskr̥ti. _bMedieval Indian culture & civilization. |
| 260 | _c[1967] | ||
| 300 |
_a300 p. _c23 cm. |
||
| 500 | _aIn Hindi. | ||
| 504 | _aBibliography: p. [299]-300. | ||
| 651 | 0 |
_aIndia _xCivilization. |
|
| 740 | 0 | _aMedieval Indian culture & civilization. | |
| 999 |
_c75858 _d75858 |
||